000
00446nam a2200145Ia 4500
008
100122s9999 xx 000 0 und d
082
_b
19059
_a
823
100
_a
देवकुळे ज ग
245
_a
शिलाजिताचा शाप
260
_b
सुरेश राऊत
_c
1972
300
_a
131
630
_a
शिलाजिताचा शाप
730
_a
शिलाजिताचा शाप
942
_c
BOOK
999
_c
408209
_d
408206